The sphinx and the harpy in Medieval Islamic art : an iconographical study /
Saved in:
| Main Author: | |
|---|---|
| Format: | Thesis |
| Language: | English |
| Published: |
London, England :
University of London,
1963
|
| Subjects: | |
| Tags: |
Add Tag
No Tags, Be the first to tag this record!
|
| LEADER | 013100000a22003010004500 | ||
|---|---|---|---|
| 008 | 120627t1963 xxkaf g m 000 0 eng d | ||
| 040 | |a UIAM |b eng | ||
| 043 | |a e-uk--- | ||
| 050 | |a N6260 | ||
| 100 | 1 | |a Baer, Eva |9 118822 | |
| 245 | 1 | 4 | |a The sphinx and the harpy in Medieval Islamic art : |b an iconographical study / |c by E Bear |
| 260 | |a London, England : |b University of London, |c 1963 | ||
| 300 | |a 2 vols : |b ill. ; |c 30 cm. | ||
| 336 | |2 rdacontent | ||
| 337 | |2 rdamedia | ||
| 338 | |2 rdacarrier | ||
| 500 | |a "A thesis submitted to the University of London for the degree of Doctor of Philosophy" --On t. p. | ||
| 502 | |a Thesis (Ph. D.) -- University of London, 1963. | ||
| 504 | |a Includes bibliographical references (p. 201-222). | ||
| 650 | 0 | |a Art, Islamic |9 90302 | |
| 650 | 0 | |a Sphinxes (Mythology) |9 118823 | |
| 650 | 0 | |a Harpies (Greek mythology) |9 118824 | |
| 655 | 0 | 7 | |a Theses, Facsimile edition (Islamic) |
| 900 | |a hj-lfr | ||
| 942 | |2 lcc |n 0 | ||
| 999 | |c 434596 |d 463408 | ||
| 952 | |0 0 |6 TI N 006260 B141S 1963 V2 |7 0 |8 THESES |9 754478 |a IIUM |b IIUM |c MULTIMEDIA |g 640.00 |o ti N6260 B141S 1963 v2 |p 00011196846 |r 2017-10-23 |t 2 |v 640.00 |y THESIS | ||
| 952 | |0 0 |6 TI N 006260 B141S 1963 V1 |7 0 |8 THESES |9 757296 |a IIUM |b IIUM |c MULTIMEDIA |g 640.00 |o ti N6260 B141S 1963 v1 |p 00011196845 |r 2017-10-23 |t 2 |v 640.00 |y THESIS | ||
